| Tag |
First Indicator |
Second Indicator |
Subfields |
| LEADER |
00000cam a2200000 i 4500 |
| 001 |
in00001127607 |
| 005 |
20150930081801.0 |
| 007 |
hd afa010baca |
| 007 |
hd bfu---bubu |
| 008 |
900625s1841 enka a 000 0 eng d |
| 010 |
|
|
|a nuc87575583
|
| 035 |
|
|
|a (OCoLC)21916565
|
| 035 |
|
|
|9 AFX1445AM
|
| 040 |
|
|
|a ResP
|c RQE
|d RQM
|d TXA
|d UtOrBLW
|
| 043 |
|
|
|a n-us-tx
|
| 049 |
|
|
|a TXAI
|
| 050 |
1 |
0 |
|a F390
|b .K36
|
| 099 |
|
|
|a film
|a B
|a 1549
|a reel 30
|a no. 1385
|
| 100 |
1 |
|
|a Kennedy, William,
|d 1799-1871.
|
| 245 |
1 |
0 |
|a Texas :
|b the rise, progress and prospects of the Republic of Texas /
|c by William Kennedy, esq. ...
|
| 300 |
|
|
|a 2 volumes :
|b illustrations, map. ;
|c 22 cm.
|
| 336 |
|
|
|a text
|b txt
|2 rdacontent
|
| 337 |
|
|
|a microform
|b h
|2 rdamedia
|
| 338 |
|
|
|a microfilm reel
|b hd
|2 rdacarrier
|
| 505 |
0 |
|
|a I. Personal narrative, and introductory remarks. Book I. Geography, natural history, and topography of Texas. Book II. The history of Texas, from the period of the first European settlements to the establishment of the republic.--II. Book II, continued. Book III. Narrative of Texan affair subsequent to the battle of San Jacinto. Social aspect and prospects of the republic. Appendices.
|
| 500 |
|
|
|a Master microform held by: ResP.
|
| 533 |
|
|
|a Microfilm.
|b Woodbridge, Conn. :
|c Research Publications,
|d 1981.
|e reels ; 35 mm.
|f (Texas as province and republic, 1795-1845 ; reel 30, no. 1385)
|
| 500 |
|
|
|a Microform.
|
| 651 |
|
0 |
|a Texas
|x Description and travel.
|
| 651 |
|
0 |
|a Texas
|x History
|y To 1846.
|
| 830 |
|
0 |
|a Texas as province and republic, 1795-1845.
|
| 999 |
|
|
|a MARS
|
| 999 |
f |
f |
|s c13a0e33-cb82-3240-bf9d-3548667b00a0
|i 51d7ed66-d7bb-369c-90a1-5dae915f860b
|t 0
|
| 952 |
f |
f |
|p default
|a Texas A&M University
|b College Station
|c Sterling C. Evans Library
|d Evans: Microforms (3rd floor)
|t 0
|e film B 1549 reel 30 no. 1385
|h Other scheme
|i microform -- microfilm reel
|
| 998 |
f |
f |
|a film B 1549 reel 30 no. 1385
|t 0
|l Evans: Microforms (3rd floor)
|